Normal view
MARC view
- RENEWABLE ENERGY SOURCES AND THEIR ENVIRONMENTAL IMPACT
Entry Topical Term
001 - CONTROL NUMBER
- control field: 58975
003 - CONTROL NUMBER IDENTIFIER
- control field: NUST
005 - DATE AND TIME OF LATEST TRANSACTION
- control field: 20210628202237.0
008 - FIXED-LENGTH DATA ELEMENTS
- fixed length control field: 210628|| aca||aabn | a|a d
040 ## - CATALOGING SOURCE
- Original cataloging agency: NUST
- Transcribing agency: NUST
150 ## - HEADING--TOPICAL TERM
- Topical term or geographic name entry element: RENEWABLE ENERGY SOURCES AND THEIR ENVIRONMENTAL IMPACT
670 ## - SOURCE DATA FOUND
- Source citation: Work cat.: (NUST): Abbasi , S. A ,Naseema Abbasi 58974, Renewable energy sources and their environmental impact, 2002
